000 00576nam a22001937a 4500
005 20251108164306.0
008 250721s1978 xx 000 0 ara d
082 1 4 _a811.509/محم
100 1 _aتاويت، محمد
245 1 0 _aشعر إبن عبد ربه /
264 1 _aالدار البيضاء :
_bدار المغرب للتأليف،
_c1978.
300 _a104ص
490 0 _aسلسلة الآداب ؛3
650 1 7 _aالشعر العربي
650 1 7 _aالعصر الأندلسي
650 1 7 _aالنقد الأدبي
942 _2ddc
_cBK
999 _c8542
_d8542